000 00649nam a2200217 u 4500
001 001059910
003 AM-YEHGA
005 20250617160412.0
008 150217s1937 ||||||||||||||||||||rus|c
040 _aAM-YeHGA
041 0 _arus
100 1 _aЛихонос, Ф.Д.
245 1 0 _aВыгонка плодов и ягод /
_cФ.Д. Лихонос.
260 _aМосква
_aЛенинград :
_bСельхозгиз,
_c1937.
300 _a143 с. :
_bрис. ;
_c20 см.
500 _aПодстр. примеч.
650 1 4 _aПлодоводство
650 1 4 _aЯгодоводство
942 _2udc
_cBK
090 _c455631
999 _c452671
_d452671